000
00388nam a2200121Ia 4500
008
151213s9999 xx 000 0 und d
245
_a
প্রত্যহ জীবন
260
_a
পশ্চিম বঙ্গ।
_b
লেখক শিল্পি সঙ্গ।
_c
2006
300
_a
8685 p.
650
_a
Bangla
650
_a
স্মারক গ্রন্থ।
999
_c
4471
_d
4471